Welcome to the Holygrace Academy Library

Please use search bar below to get started

STARRING SAMMIE (Record no. 6400)

MARC details
000 -LEADER
fixed length control field 00592nam a22001457a 4500
020 ## - INTERNATIONAL STANDARD BOOK NUMBER
ISBN 0-19-275247-2
082 ## - DEWEY DECIMAL CLASSIFICATION NUMBER
Classification number 823
Item number DIL/A
100 ## - MAIN ENTRY--AUTHOR NAME
Personal name PIELICHATY , HEL;ENA
245 ## - TITLE STATEMENT
Title STARRING SAMMIE
260 ## - PUBLICATION, DISTRIBUTION, ETC. (IMPRINT)
Place of publication UK
Name of publisher UNIVERSITY PRESS
Year of publication 2003
300 ## - PHYSICAL DESCRIPTION
Number of Pages 112
520 ## - SUMMARY, ETC.
Summary, etc Sammie's only comfort comes from the Avenue Z Club where things are not only normal, but fun. She goes there in the afternoons after school and helps her new friend Sam run the candy store. Only now she's worried that, because of her big lie, she might lose the right to go to the club.
650 ## - SUBJECT ADDED ENTRY--TOPICAL TERM
Topical Term SHORT STORY
942 ## - ADDED ENTRY ELEMENTS (KOHA)
Koha item type Books
Holdings
Withdrawn status Lost status Collection code Home library Current library Shelving location Date acquired Source of acquisition Full call number Accession Number Koha item type
    Fiction Main Library Main Library SHELF 15-K-CHILDREN'S STORYBOOKS 22/07/2019 Purchase 823 DIL/A 11439 Books